| 000 | 00402nam a2200181 4500 | ||
|---|---|---|---|
| 005 | 20260313131731.0 | ||
| 008 | CUC123 | ||
| 020 | _a9780074620960 | ||
| 050 |
_aHG 4529.5 BAR _b1 |
||
| 100 | _aBARUA, K. SAMIR | ||
| 245 | _aPORTFOLIO MANAGEMENT | ||
| 250 | _a1st | ||
| 260 |
_aNEW DELHI _bTATA _c2007 |
||
| 300 | _axvi,258p | ||
| 700 | _aVARMA J. R | ||
| 700 | _aRAGHUNATHAN, V. | ||
| 942 |
_2lcc _cBK _n0 |
||
| 999 |
_c9018 _d9018 |
||